00308 a2200121 4500003000400000005001700004008004100021040000900062082001500071245005000086260004000136300001000176OSt20231107151631.0231107b |||||||| |||| 00| 0 eng d coclc a297bHAM/I aIslam Vol 5:bPrasrhanangalum darsanangalum / aKerala:bYuvatha book house,c2004. a1148p